Public speaking (Record no. 4950)
[ view plain ]
| 000 -LEADER | |
|---|---|
| fixed length control field | 00551 a2200181 4500 |
| 020 ## - INTERNATIONAL STANDARD BOOK NUMBER | |
| International Standard Book Number | 8174730788 |
| 040 ## - CATALOGING SOURCE | |
| Original cataloging agency | DLC |
| Language of cataloging | DLC |
| 082 00 - DEWEY DECIMAL CLASSIFICATION NUMBER | |
| Classification number | 808.51 |
| 100 1# - MAIN ENTRY--PERSONAL NAME | |
| Personal name | Osborn, Michael, |
| 245 10 - TITLE STATEMENT | |
| Title | Public speaking |
| Statement of responsibility, etc. | Michael Osborn, Suzanne Osborn. |
| 250 ## - EDITION STATEMENT | |
| Edition statement | 4th ed. |
| 260 ## - PUBLICATION, DISTRIBUTION, ETC. | |
| Place of publication, distribution, etc. | Delhi : |
| Name of publisher, distributor, etc. | A.I.T.B.S. Publishers , |
| Date of publication, distribution, etc. | c2002. |
| 300 ## - PHYSICAL DESCRIPTION | |
| Extent | 1 v. (various pagings) : |
| Other physical details | col. ill. ; |
| Dimensions | 24 cm. |
| 500 ## - GENERAL NOTE | |
| General note | "Third edition" on t.p.; 4th edition on cover and stated in pref. |
| 650 #0 - SUBJECT ADDED ENTRY--TOPICAL TERM | |
| Topical term or geographic name entry element | Public speaking. |
| 700 1# - ADDED ENTRY--PERSONAL NAME | |
| Personal name | Osborn, Suzanne. |
| 942 ## - ADDED ENTRY ELEMENTS (KOHA) | |
| Koha item type | Book |
| Call number prefix | 808.51 OSB |
| Source of classification or shelving scheme | |
| Withdrawn status | Lost status | Damaged status | Not for loan | Collection code | Permanent Location | Current Location | Shelving location | Date acquired | Source of acquisition | Cost, normal purchase price | Total Checkouts | Full call number | Barcode | Date last seen | Date last checked out | Price effective from | Koha item type |
|---|---|---|---|---|---|---|---|---|---|---|---|---|---|---|---|---|---|
| Central Library (CL) | Central Library (CL) | General Stacks | 10/10/2006 | Academic Book Company | 362.25 | 1 | 808.51 OSB | SEECS007603 | 02/10/2016 | 01/08/2016 | 01/05/2017 | Book |
